Catálogo

El siglo XIX / (Registro nro. 66552)

Detalles MARC
000 -LEADER
fixed length control field 01216cam a2200361 i 4500
001 - CONTROL NUMBER
control field 66552
003 - CONTROL NUMBER IDENTIFIER
control field Mx-PuUPA
005 - DATE AND TIME OF LATEST TRANSACTION
control field 20250225143131.0
008 - FIXED-LENGTH DATA ELEMENTS--GENERAL INFORMATION
fixed length control field 161129s2003 sp a gr 000 0 spa d
017 ## - COPYRIGHT OR LEGAL DEPOSIT NUMBER
Copyright or legal deposit number M.31.561-2003
020 ## - INTERNATIONAL STANDARD BOOK NUMBER
International Standard Book Number 8496249050
040 ## - CATALOGING SOURCE
Original cataloging agency Mx-PuUPA
Language of cataloging spa
Transcribing agency Mx-PuUPA
Modifying agency Mx-PuUPA
Description conventions rda
041 0# - LANGUAGE CODE
Language code of text/sound track or separate title spa
100 1# - MAIN ENTRY--PERSONAL NAME
9 (RLIN) 13483
Personal name García Guatas, Manuel,
Relator term autor
245 10 - TITLE STATEMENT
Title El siglo XIX /
Statement of responsibility, etc. Manuel García Guatas y Pedro Navascués Palacio
246 13 - VARYING FORM OF TITLE
Title proper/short title El arte :
Remainder of title El siglo XIX.
250 ## - EDITION STATEMENT
Edition statement Primera edición
264 ## - PRODUCTION, PUBLICATION, DISTRIBUTION, MANUFACTURE, AND COPYRIGHT NOTICE
Place of production, publication, distribution, manufacture Las Rozas (Madrid) :
Name of producer, publisher, distributor, manufacturer Promolibro,
Date of production, publication, distribution, manufacture, or copyright notice 2003
300 ## - PHYSICAL DESCRIPTION
Extent 132 páginas :
Other physical details ilustraciones ;
Dimensions 30 cm
336 ## - CONTENT TYPE
Content type term texto
Fuente rdacontent
Content type code txt
337 ## - MEDIA TYPE
Media type term sin medio
Source rdamedia
Media type code n
338 ## - CARRIER TYPE
Carrier type term volumen
Source rdacarrier
Carrier type code nc
490 0# - SERIES STATEMENT
Series statement Colección Arte
650 #7 - SUBJECT ADDED ENTRY--TOPICAL TERM
Source of heading or term armarc
Topical term or geographic name entry element Arte
General subdivision Historia
Chronological subdivision Siglo XX
650 #7 - SUBJECT ADDED ENTRY--TOPICAL TERM
Source of heading or term armarc
Topical term or geographic name entry element Arte moderno
Chronological subdivision 1800-1899
650 #7 - SUBJECT ADDED ENTRY--TOPICAL TERM
Source of heading or term armarc
Topical term or geographic name entry element Arte
General subdivision Historia moderna
Chronological subdivision Siglo XIX
700 1# - ADDED ENTRY--PERSONAL NAME
Personal name Navascués Palacio, Pedro,
Relator term autor
9 (RLIN) 12083
942 ## - ADDED ENTRY ELEMENTS (KOHA)
Source of classification or shelving scheme Dewey Decimal Classification
Koha item type Libro
Classification part 709.034
Item part G212
Existencias
Withdrawn status Lost status Source of classification or shelving scheme Damaged status Not for loan Collection code Home library Current library Shelving location Date acquired Source of acquisition Total Checkouts Full call number Barcode Date last seen Price effective from Koha item type
    Dewey Decimal Classification     General Biblioteca Karol Wojtyla Biblioteca Karol Wojtyla Sala general 03/12/2013 Compra   709.034 G212 2003 49822 05/01/2026 03/12/2013 Libro